| 000 | 00567nam a2200217 a 4500 | ||
|---|---|---|---|
| 001 | 63057 | ||
| 003 | BD-RjUL | ||
| 005 | 20211209081144.0 | ||
| 008 | 170128s1991 enk 000 1 eng d | ||
| 020 | _a0593020332 | ||
| 035 | _a(BD-RjUL)63185 | ||
| 040 |
_aBD-RjUL _beng _cBD-RjUL _dBD-RjUL |
||
| 041 | _aeng | ||
| 082 |
_223 _a823.914 _bLUW 1991 |
||
| 100 | 1 |
_aLucas, Penelope. _9187589 |
|
| 245 | 1 | 0 |
_aWilderness moon / _cPenelope Lucas |
| 260 |
_aLondon : _bBantam, _cc1991 |
||
| 300 |
_a396 p. ; _c24 cm. |
||
| 650 |
_aEnglish fiction _9185796 |
||
| 942 |
_2ddc _cBK |
||
| 999 |
_c63057 _d63057 |
||